[Event "EICC 2021"]
[Site "Reykjavik"]
[Date "2021.08.31"]
[Round "6.9"]
[White "Huschenbeth, Niclas"]
[Black "Sargissian, Gabriel"]
[Result "1/2-1/2"]
[WhiteElo "2592"]
[BlackElo "2682"]
[Annotator "TA"]
[PlyCount "133"]
[EventDate "2021.08.26"]
[EventType "swiss"]
[EventCountry "ISL"]
[Tiebreak "Cut1 Buchholz"]
[SourceTitle "playchess.com"]
[Source "ChessBase"]
[SourceQuality "1"]

{[%evp 12,133,15,0,9,0,0,2,0,0,0,4,0,-19,2,0,26,32,17,24,31,37,22,0,0,0,-4,-10,
0,-16,-16,0,0,-22,-28,-41,0,0,12,12,8,8,21,14,15,23,15,18,25,0,0,0,0,0,0,0,0,0,
0,6,44,29,68,70,55,8,47,0,0,-80,-8,-8,-8,-8,-9,-8,0,-12,-12,-1,0,0,0,0,0,0,0,
-7,0,0,0,-28,-14,-16,-27,-68,-68,-68,-68,-68,-68,-67,-31,-45,-45,-68,-49,-46,
-49,-45,-54,-46,-14,-20,-8,-8,-8,-8,-8,-8,0,0,0,0]} 1. e4 e5 2. Nf3 Nc6 3. Bb5
Nf6 4. d3 Bc5 5. c3 O-O 6. O-O d6 7. Nbd2 Ne7 {is now debated instead of 7...
a6. C65: Ruy Lopez: Berlin Defence (3...Nf6), unusual lines and 4 0-0 Bc5.} 8.
d4 exd4 9. cxd4 Bb6 10. Re1 Bg4 11. h3 Bh5 12. a4 a5 13. Ra3 {[#]} Nc6 $146 ({
Predecessor:} 13... Ba7 14. Bf1 Nc6 15. d5 Nb4 16. Nc4 Bc5 17. g4 Bg6 18. Bg5
Re8 19. Nfd2 h6 {0-1 (36) Nepomniachtchi,I (2768)-Fedoseev,V (2707) Satka 2018}
) 14. Bxc6 bxc6 15. Qc2 Re8 16. Qxc6 Re6 17. Qc2 Bg6 18. Nh4 Bxd4 {[#] ...Nxe4
is the strong threat.} 19. Nxg6 hxg6 ({Avoid the trap} 19... fxg6 $2 20. Qc4
$18) 20. Nf3 Bc5 21. Ng5 Re7 22. Rd3 Qe8 {[%cal Rf6e4]} 23. Rdd1 Nd7 24. Bd2 f6
25. Nf3 {[%cal Bg5f3,Bf3d4,Bd4c6][%mdl 32]} Qf7 26. Bc3 Bb6 27. Bd4 Bxd4 28.
Nxd4 Nc5 29. Nc6 Ree8 30. e5 (30. Re3 {is more complex.} Ra6 31. Nd4 g5 32. Nb5
Re7 33. f3) 30... fxe5 31. Nxe5 Qb3 32. Qxb3+ Nxb3 33. Nxg6 Rxe1+ 34. Rxe1 $11
{[%mdl 4096] Endgame KRN-KRN} Kf7 35. Nf4 c6 36. Ne6 Kf6 37. Re3 Rb8 38. f4 d5
39. Ng5 Nd4 40. Kh2 (40. Kf1 $11 {keeps the balance.}) 40... Kf5 (40... Rxb2
$17 41. Re8 c5 42. Rf8+ Ke7) 41. Kg3 Rxb2 42. Re5+ Kf6 43. Re8 c5 44. Rd8 Rd2 {
Strongly threatening ...c4.} 45. Rd7 $1 c4 46. h4 Nf5+ 47. Kf3 $1 Rd3+ 48. Kf2
$1 Nh6 (48... Ng3 {feels hotter.} 49. Rf7+ Kg6 50. Ra7 Kf5 51. Rf7+ Kg4) 49.
Ke2 d4 50. Ne4+ Kg6 {[#] aiming for ...Re3+.} 51. Nf2 Re3+ 52. Kd1 $1 d3 {
Hoping for ...Re2.} 53. g4 {Black must now prevent h5+.} Re2 54. f5+ Kh7 55.
Nxd3 cxd3 $15 {KRN-KR} 56. f6 $1 Kg8 (56... Rg2 {looks sharper.} 57. g5 Ng4 58.
Kc1 Ne5 59. Rc7 Rg4) 57. Rxd3 Re8 58. g5 Ng4 {Threatens to win with ...Nf2+.}
59. Rd4 Ne3+ 60. Kd2 gxf6 61. gxf6 Re5 {And now ...Nf5 would win.} 62. Kd3 {
The position is equal.} Nd5 63. Rg4+ $1 Kf7 64. Kd4 Rh5 65. Rg5 Rxh4+ 66. Kxd5
Kxf6 67. Rg8 {Weighted Error Value: White=0.09/Black=0.08} 1/2-1/2

[Event "EICC 2021"]
[Site "Reykjavik"]
[Date "2021.08.31"]
[Round "6.10"]
[White "Thybo, Jesper Sondergaard"]
[Black "Bluebaum, Matthias"]
[Result "1/2-1/2"]
[WhiteElo "2587"]
[BlackElo "2674"]
[Annotator "TA"]
[PlyCount "105"]
[EventDate "2021.08.26"]
[EventType "swiss"]
[EventCountry "ISL"]
[Tiebreak "Cut1 Buchholz"]
[SourceTitle "playchess.com"]
[Source "ChessBase"]
[SourceQuality "1"]

{[%evp 12,105,0,0,0,3,9,12,12,18,14,24,11,16,17,15,25,34,24,27,25,0,25,0,33,24,
27,29,47,37,41,34,44,48,41,33,50,47,97,92,91,85,80,81,88,54,89,80,77,84,86,53,
56,55,55,55,55,55,55,42,45,42,54,16,19,21,21,27,61,19,50,46,39,41,48,52,104,
104,89,70,93,0,112,86,97,100,92,40,25,25,25,0,0,0,0,0]} 1. d4 Nf6 2. c4 e6 3.
Nf3 d5 4. g3 Be7 5. Bg2 O-O 6. Nc3 Nbd7 7. Qd3 b6 $1 {[%mdl 4] now scores much
better than the old 7...c6. E06: Closed Catalan: Early deviations.} 8. cxd5
Nxd5 9. O-O Bb7 10. Rd1 c5 11. e4 Nb4 12. Qb1 cxd4 13. Nxd4 {[#]} a6 $146 ({
Predecessor:} 13... Rc8 14. a3 Nc6 15. Nxc6 Bxc6 16. Bf4 b5 17. Qd3 Qb6 18. Bd6
Bxd6 19. Qxd6 Rfd8 {0-1 (52) Sirotkina,N (2214)-Skou,N (2012) Yerevan 2016})
14. Be3 Qc7 15. Rc1 {Hoping for a3.} Qd8 16. Rd1 Qc7 17. Rc1 Qd8 18. a3 Nc6 19.
Nxc6 Bxc6 {[#]} 20. Nd5 $1 $36 {[%mdl 2048] White is pushing.} Bc5 21. Bxc5
Nxc5 {[#]} 22. b4 $1 Nxe4 {[#]} 23. Ne7+ $1 Qxe7 24. Rxc6 Nf6 25. Rxb6 Qa7 26.
Rd6 Rfd8 27. Qd3 Nd5 28. Rxd8+ Rxd8 29. Rc1 Qb6 30. Qc4 g6 31. Qc5 Qb8 32. Qc6
Rd6 $1 {[%cal Rd6c6]} 33. Qc8+ Qxc8 34. Rxc8+ $14 {[%mdl 4096] Endgame KRB-KRN}
Kg7 35. Bf1 Kf6 36. Kg2 Ke7 37. Ra8 Nc7 $1 {[%cal Rc7a8]} 38. Rb8 Rd2 39. a4 {
[%cal Ba3a4,Ba4a5][%mdl 32]} Rb2 40. a5 Kd6 41. Rb6+ Ke5 42. Rb7 Kd6 43. h4 h5
(43... Rc2 $14) 44. Bc4 $16 Rb1 45. Kf3 Rb2 46. Kg2 Rb1 $1 47. f4 Rb2+ 48. Kf3
Nd5 49. Bxd5 (49. Rxf7 $16 {And now Rb7 would win.} Nc7 50. Rg7) 49... Kxd5 $14
50. Rxf7 Rb3+ 51. Kg2 Ke4 52. Rf6 Rb2+ 53. Kh3 {Weighted Error Value: White=0.
08/Black=0.06} 1/2-1/2

[Event "EICC 2021"]
[Site "Reykjavik"]
[Date "2021.08.31"]
[Round "6.11"]
[White "Grandelius, Nils"]
[Black "Pantsulaia, Levan"]
[Result "1/2-1/2"]
[WhiteElo "2666"]
[BlackElo "2564"]
[Annotator "TA"]
[PlyCount "61"]
[EventDate "2021.08.26"]
[EventType "swiss"]
[EventCountry "ISL"]
[Tiebreak "Cut1 Buchholz"]
[SourceTitle "playchess.com"]
[Source "ChessBase"]
[SourceQuality "1"]

{[%evp 11,61,27,27,33,27,29,33,28,29,33,36,33,37,28,36,28,41,36,36,33,33,33,35,
31,41,25,25,10,38,38,49,28,23,18,51,23,57,40,41,39,52,62,64,0,0,0,0,0,29984,0,
0,-29993]} 1. e4 c5 2. Nf3 e6 3. d4 cxd4 4. Nxd4 a6 5. c4 Nf6 6. Nc3 Bb4 7. Qd3
{B41: Sicilian: Kan Variation: 5 c4.} d5 8. exd5 exd5 9. Be2 {White is
slightly better.} Nc6 10. Nxc6 bxc6 11. O-O O-O 12. cxd5 Nxd5 13. Nxd5 Qxd5 14.
Qg3 $1 {[%mdl 4] outshines the older 14.Qxd5.} Bd6 15. Bf4 Bxf4 16. Qxf4 Be6
17. Rfc1 Qd7 {[#]} 18. Rc5 $146 ({Predecessor:} 18. b3 a5 19. h4 Bd5 20. Re1
Rab8 21. Rad1 Qa7 22. h5 Rb4 23. Qf5 Qc7 24. Bd3 {1/2-1/2 (48) Kotronias,V 
(2522)-Utegaliev,A (2488) Belgrade 2021}) 18... Rfd8 19. b3 a5 20. Bf3 Bd5 21.
Bxd5 cxd5 22. Rd1 d4 23. h3 a4 24. Rd3 axb3 25. axb3 h6 26. Rc4 $1 {[%cal
Rc4d4]} Qb5 27. Rg3 (27. Kh2 $14) 27... Qb6 $11 28. Rd3 {[%cal Rc4d4]} Ra3 29.
Rcxd4 Rd6 {[%mdl 8192] [#]} 30. Rd5 $2 (30. Rxd6 {mates} Qxd6 31. Rxd6 Ra1+ 32.
Kh2 Ra8 33. Rd7 Rf8 34. b4 Kh7 35. Rxf7) 30... Rxd5 $1 31. Qd4 $2 {[%mdl 40960]
Weighted Error Value: White=0.24/Black=0.38. An unexpected result.} 1/2-1/2

[Event "EICC 2021"]
[Site "Reykjavik"]
[Date "2021.08.31"]
[Round "6.12"]
[White "Donchenko, Alexander"]
[Black "Dragnev, Valentin"]
[Result "1-0"]
[WhiteElo "2657"]
[BlackElo "2557"]
[Annotator "TA"]
[PlyCount "87"]
[EventDate "2021.08.26"]
[EventType "swiss"]
[EventCountry "ISL"]
[Tiebreak "Cut1 Buchholz"]
[SourceTitle "playchess.com"]
[Source "ChessBase"]
[SourceQuality "1"]

{[%evp 21,87,16,18,18,12,16,13,12,0,0,0,0,57,53,55,65,70,71,81,86,93,85,72,70,
93,87,79,69,67,51,56,59,98,98,93,94,91,87,133,88,107,91,200,199,624,129,110,0,
597,197,190,181,162,399,561,561,623,623,623,623,616,616,606,604,575,560,603,
596]} 1. Nf3 Nf6 2. g3 g6 3. c4 Bg7 4. Bg2 O-O 5. Nc3 c6 6. d4 d5 7. cxd5 cxd5
8. Ne5 Nc6 9. O-O Bf5 10. Nxc6 bxc6 11. Bf4 Nd7 12. Rc1 {D79: Fianchetto
Grünfeld: Symmetrical Variation (6 0-0 c6 7 cxd5 cxd5).} Qb6 13. Na4 Qxd4 14.
Qxd4 {The position is equal.} Bxd4 15. Rxc6 e6 {[#]} 16. b3 $5 $146 {[%mdl 8]
An interesting novelty.} ({Predecessor:} 16. a3 Rfc8 17. Rfc1 Rxc6 18. Rxc6 Nb6
19. Nxb6 axb6 20. Bc1 h5 21. Bf1 Kg7 22. h4 Be4 23. Bg2 Bxg2 24. Kxg2 b5 25. e3
Be5 26. Kf3 b4 27. axb4 {1/2-1/2 (27) Figlio,G (2493)-Cornejo,W (2548) ICCF
email 2018}) 16... Nb6 ({Better is} 16... Rfc8 $11 17. Rfc1 Rxc6 18. Rxc6 Bb1)
17. Rd1 $36 {[%mdl 2048] White is more active.} Bf6 18. Nxb6 axb6 19. a4 Bd8
20. Rdc1 g5 21. Be5 f6 22. Bd6 Rf7 23. f3 e5 24. Rd1 Bd7 25. Rc2 Be6 26. f4 e4
27. f5 Bxf5 28. Rxd5 Bg6 29. Rc6 Kg7 30. e3 Rfa7 31. Rd4 b5 (31... h5 $16 {
was worth a try.}) 32. Bc5 $18 (32. Bxe4 bxa4 33. Bxg6 Kxg6 $11) (32. axb5 Ra1+
33. Bf1 Bf5 $17) 32... Ra5 {[#]} (32... Rb7) 33. Bb4 $2 (33. Rd7+ $18 {and the
rest is easy.} Kg8 34. Rcd6) 33... R5a7 $16 34. Bc5 $2 {[%mdl 8192]} ({Don't
play} 34. Bxe4 $6 bxa4 35. Bxg6 Kxg6 $11) (34. Rcd6 $16 Ba5 35. Bc5 (35. Bxe4
Bxe4 36. Rxe4 Bxb4 $11) (35. axb5 Bxb4 36. Rxb4 Ra1+ 37. Bf1 Bf5 $11)) 34...
Ra5 $1 $18 {[%cal Rb5a4]} 35. Rcd6 $2 (35. Rd7+ Kg8 36. Rcd6) 35... bxa4 36.
Rd7+ Kh6 {[#]} 37. b4 ({Weaker is} 37. Rxd8 Rxd8 38. Rxd8 Rxc5 $11) (37. Bf8+
$1 Kh5 38. b4 (38. Rxd8 axb3 39. Bf1 b2 $17)) 37... Rxc5 (37... Bb6 $142) 38.
bxc5 {White is clearly winning.} Ba5 {next ...Bc3 is good for Black.} 39. Rxa4
Be8 40. c6 Bxd7 41. cxd7 Rd8 42. Rxa5 Rxd7 43. Bxe4 Re7 44. Bf5 {Weighted
Error Value: White=0.43/Black=0.30} 1-0

[Event "EICC 2021"]
[Site "Reykjavik"]
[Date "2021.08.31"]
[Round "6.13"]
[White "Paichadze, Luka"]
[Black "Saric, Ivan"]
[Result "1/2-1/2"]
[WhiteElo "2564"]
[BlackElo "2653"]
[Annotator "TA"]
[PlyCount "58"]
[EventDate "2021.08.26"]
[EventType "swiss"]
[EventCountry "ISL"]
[Tiebreak "Cut1 Buchholz"]
[SourceTitle "playchess.com"]
[Source "ChessBase"]
[SourceQuality "1"]

{[%evp 17,58,-35,-41,-39,20,22,28,14,10,8,20,-2,5,8,26,0,0,0,0,0,0,0,0,0,0,0,8,
0,0,0,0,0,0,0,0,0,0,0,0,0,0,0,0]} 1. e4 c5 2. c3 Nf6 3. e5 Nd5 4. Nf3 d6 5. d4
cxd4 6. cxd4 Nc6 7. Bc4 Nb6 8. Bb3 dxe5 9. d5 Na5 $1 10. Nc3 {B22: Sicilian: 2
c3.} g6 (10... f6 $15) 11. Nxe5 $11 {Strongly threatening Ba4+.} Nxb3 12. Qxb3
{White has an edge.} Bg7 13. Bf4 O-O 14. Rd1 Nd7 15. Nxd7 Bxd7 16. Qxb7 (16.
O-O {is more complex.} Qb6 17. Qa3 e6 18. Be3 Qa6 19. Qe7) 16... Qc8 {The
position is equal.} 17. Qxc8 Rfxc8 18. O-O {[#]} Rc4 $146 ({Predecessor:} 18...
Bxc3 19. bxc3 Rxc3 {1/2-1/2 (19) Squires,M (2127)-Caradonna,G ICCF email 2010})
19. Bg3 Bxc3 20. bxc3 Rxc3 21. Rfe1 Re8 22. h3 (22. Rb1 {seems wilder.} a6 23.
Rb6 Bb5 24. h3 Rcc8 25. f3) 22... f6 23. Rc1 Rxc1 24. Rxc1 {[%mdl 4096]
Endgame KRB-KRB} a6 25. Rc7 Bb5 26. Bf4 g5 27. Bd2 Rd8 28. Rxe7 Rxd5 29. Bc3
Rd6 {Not much happened in this game.  Weighted Error Value: White=0.03/Black=0.
08} 1/2-1/2

[Event "EICC 2021"]
[Site "Reykjavik"]
[Date "2021.08.31"]
[Round "6.14"]
[White "Martirosyan, Haik M."]
[Black "Sanal, Vahap"]
[Result "0-1"]
[WhiteElo "2632"]
[BlackElo "2557"]
[Annotator "TA"]
[PlyCount "136"]
[EventDate "2021.08.26"]
[EventType "swiss"]
[EventCountry "ISL"]
[Tiebreak "Cut1 Buchholz"]
[SourceTitle "playchess.com"]
[Source "ChessBase"]
[SourceQuality "1"]

{[%evp 15,136,25,20,17,27,12,52,8,11,0,0,0,0,-8,-4,-4,-9,-6,-11,-62,-45,-55,
-66,-69,-86,-71,-65,-67,-71,-109,-100,-113,-77,-111,-97,-108,-79,-133,-133,
-107,-124,-218,-211,-221,-213,-197,-182,-395,-245,-233,-233,-356,-251,-437,
-386,-340,0,-400,-391,-1372,-904,-883,-400,-878,-422,-385,-395,-555,-552,-610,
-450,-483,-484,-545,-521,-532,-525,-531,-529,-538,-543,-526,-532,-735,-727,
-743,-746,-735,-729,-848,-806,-837,-830,-876,-594,-933,-916,-1328,-892,-843,
-807,-933,-936,-895,-870,-29978,-29976,-5477,-1822,-1338,-1350,-2397,-1902,
-29964,-29955,-5302,-5026,-29979,-29980,-29980,-29981,-29985,-29986]} 1. d4 d5
2. c4 c6 3. Nf3 Nf6 4. Nc3 e6 5. Bg5 Be7 6. e3 h6 7. Bh4 Nbd7 8. Bd3 O-O {
8...dxc4 is the hot move.} 9. cxd5 {D56: Queen's Gambit Declined: Lasker
Defence.} Nxd5 10. Bg3 Qa5 11. Qd2 {White is slightly better.} Nxc3 12. bxc3 {
[#]} b6 $5 $146 {[%mdl 8] New and interesting.} ({Predecessor:} 12... Bf6 13.
O-O e5 14. Rfd1 Re8 15. e4 exd4 16. cxd4 Qxd2 17. Rxd2 Nc5 18. e5 Nxd3 19. exf6
{1-0 (38) Zhunussov,B-Kuderin,D (2177) Pavlodar 2007}) 13. O-O Ba6 14. e4 c5
15. Bxa6 Qxa6 16. d5 exd5 17. exd5 ({White should try} 17. Rfe1 $11) 17... Bf6
$15 18. Qc2 Rfe8 19. Qf5 Qa4 20. Rac1 Re2 21. c4 Rae8 22. Bf4 Rxa2 23. h4 Rae2
24. h5 Bb2 25. Rb1 Nf6 26. Bd2 ({White should play} 26. Bxh6 Qxc4 27. Bxg7 Kxg7
28. Rxb2 Rxb2 29. h6+ Kf8 30. h7 Nxh7 31. Qxh7) 26... Be5 $17 (26... Qxc4 $6
27. Rxb2 Qxd5 28. Qxd5 $11) 27. Qd3 Nxh5 28. g3 (28. Qxe2 $2 Bh2+ $1 {[%mdl
512]} 29. Kxh2 Rxe2 $19) (28. Nxe5 $17 {was necessary.} R2xe5 29. Ra1) 28...
Bd6 $19 29. Nh4 Qd7 {White must now prevent ...Bxg3!} 30. Rfe1 Qg4 31. Qf5 $2 (
31. Nf5 Nf4 32. Rxe2 Nxe2+ 33. Kg2) 31... Rxe1+ 32. Bxe1 Qe2 ({Not} 32... Qxc4
33. Qxh5 Re5 34. Qf3 $17) 33. Qd7 (33. Qf3 $142) 33... Bf8 34. Bc3 $2 (34. Qa4)
34... Re7 35. Qc8 {White wants to play Re1.} Re8 $2 ({Weaker is} 35... Qxc4 36.
Nf5 $11) (35... Qd3 $19 36. Re1 Rxe1+ 37. Bxe1 Qe2) 36. Qc6 $2 {[%mdl 8192]} (
36. Qd7 $11 {and White has nothing to worry.}) 36... Re4 {Threatens to win
with ...Rxh4!} 37. Ba1 $2 (37. d6 Rxh4 38. Re1 Qxc4 39. gxh4 Bxd6 40. Qf3)
37... Qd3 38. Rf1 {[#]} Rxc4 (38... Rxh4 $142 $1 39. gxh4 Qe4) 39. Qd7 {[#]} (
39. Ng2 $142) 39... Rc2 (39... Rxh4 $142 $1 40. gxh4 Qg6+ 41. Kh1 Qe4+ {
[%mdl 64] Double Attack} 42. Kh2 Qe2) 40. Nf5 Re2 41. d6 (41. Qc8 $142 Qxd5 42.
Nxh6+ Kh7 43. Qxf8 Kxh6 44. g4) 41... g6 42. Ne3 Qxd6 43. Qg4 Rd2 ({Less
strong is} 43... Nxg3 44. Rd1 $19) 44. Re1 Qd7 45. Qf3 Rd3 46. Qa8 Ng7 47. Qe4
{Now Ng4 and White clings on.} h5 48. g4 b5 49. gxh5 Nxh5 50. Qe5 f6 51. Qe4
Kh7 52. Kg2 Bg7 53. Rh1 f5 54. Qa8 Qd8 55. Qxa7 {[%csl Ga1][%cal Ra7g7]} Rd7
56. Qa6 Qg5+ 57. Kf1 Bxa1 58. Qxa1 f4 59. Ng2 Qd5 {Strongly threatening ...Qf3!
} 60. Qa5 b4 61. Kg1 Qf5 62. Qa4 Re7 63. f3 Qg5 {( -> ...Re1+)} 64. Kf1 Qd5 65.
Rh3 Qe6 66. Rh4 Qe2+ {Black mates.} 67. Kg1 Qxf3 68. Qc2 Re2 {[%csl Ge2][%cal
Rf3g2][%mdl 64] Double Attack.  Weighted Error Value: White=0.82/Black=0.58}
0-1

[Event "EICC 2021"]
[Site "Reykjavik"]
[Date "2021.08.31"]
[Round "6.15"]
[White "Bjerre, Jonas Buhl"]
[Black "Banusz, Tamas"]
[Result "1-0"]
[WhiteElo "2550"]
[BlackElo "2631"]
[Annotator "TA"]
[PlyCount "71"]
[EventDate "2021.08.26"]
[EventType "swiss"]
[EventCountry "ISL"]
[Tiebreak "Cut1 Buchholz"]
[SourceTitle "playchess.com"]
[Source "ChessBase"]
[SourceQuality "1"]

{[%evp 28,71,0,0,91,93,98,100,104,99,96,83,83,89,145,137,144,122,220,74,88,97,
278,80,66,36,143,141,130,150,129,130,130,138,137,143,125,110,427,394,415,380,
29990,29991,29991,29992]} 1. e4 e5 2. Nf3 Nf6 3. Nxe5 d6 4. Nf3 Nxe4 5. d4 d5
6. Bd3 Bd6 7. O-O O-O 8. c4 c6 9. cxd5 cxd5 10. Nc3 Nxc3 11. bxc3 Bg4 12. Rb1
Nd7 13. h3 Bh5 14. Rb5 Nb6 15. c4 {[%mdl 64] aiming for c5. Deflection} Nxc4 {
C42: Petroff Defence: 3 Nxe5 and unusual White 3rd moves.} (15... Bxf3 $11 16.
Qxf3 dxc4) 16. Rxd5 $16 Bh2+ {[%mdl 64] Discovered Attack} 17. Nxh2 Qxd5 {
White is better.} 18. Bxc4 {[%mdl 64] Overworked Piece} Qxc4 19. Qxh5 Qxd4 20.
Nf3 Qc4 {[#]} (20... Qe4 $142) 21. Nh4 $146 ({Predecessor:} 21. a3 b6 22. Be3
Rad8 23. Rc1 Qd3 24. a4 Rc8 25. Rxc8 Qd1+ 26. Kh2 Rxc8 27. Bd4 {1-0 (89)
Dvoirys,S (2440)-Vladimirov,Y (2540) Barnaul 1988}) 21... f6 22. Nf5 Rfd8 (
22... Rfe8 $16 {might work better.}) 23. Qf3 (23. Re1 $18 Qc3 24. Ne7+ Kf8 25.
Qe2) 23... Rd7 24. Re1 Qxa2 $2 {[#]} (24... Kh8 $16) 25. Ba3 $2 (25. Bh6 $1 $18
{[%mdl 512] is the precise move to win.} gxh6 (25... Qa5 26. Qe4) 26. Nxh6+ {
[%mdl 64] Discovered Attack} Kg7 27. Qg4+ {[%mdl 64] Double Attack} Kxh6 28.
Qxd7) 25... Kh8 26. h4 {[%mdl 1024] White has compensation.} Rad8 (26... a5 $14
) 27. Be7 Qd2 {[#]} 28. Re2 {[%cal Re2d2]} Qc1+ 29. Kh2 Rg8 30. h5 $40 {
[%mdl 128] Hoping for h6! White wants a kill.} h6 {[#]} 31. Nh4 $1 {[%cal
Rh4g6]} Rd1 {Strongly threatening ...Rh1+.} ({Avoid the trap} 31... Qc7+ $2 32.
g3 $18) 32. g3 Qg5 $2 {[%mdl 8192] [#]} (32... Qc6 $16 {is tougher.}) 33. Re5
$3 {[%mdl 512]} Qc1 34. Bxf6 Re1 $2 (34... Rh1+ $18 35. Qxh1 Qxh1+ 36. Kxh1
gxf6) 35. Rxe1 {[%mdl 64] Overworked Piece} Qxe1 {[#]} 36. Qf4 $1 {[%cal Rf4h6]
Weighted Error Value: White=0.23/Black=0.75} 1-0

[Event "EICC 2021"]
[Site "Reykjavik"]
[Date "2021.08.31"]
[Round "6.16"]
[White "Vocaturo, Daniele"]
[Black "Kulaots, Kaido"]
[Result "1-0"]
[WhiteElo "2630"]
[BlackElo "2548"]
[Annotator "TA"]
[PlyCount "135"]
[EventDate "2021.08.26"]
[EventType "swiss"]
[EventCountry "ISL"]
[Tiebreak "Cut1 Buchholz"]
[SourceTitle "playchess.com"]
[Source "ChessBase"]
[SourceQuality "1"]

{[%evp 16,135,27,45,32,12,15,37,31,33,46,13,14,23,41,4,35,0,0,0,0,-24,0,-8,-23,
-20,-13,-13,-21,-7,-12,-44,-27,-37,0,0,0,0,0,0,0,0,0,0,0,0,0,0,-3,-19,-19,-19,
-19,-33,-32,-73,0,0,0,0,0,0,0,0,0,0,0,0,8,8,8,8,8,8,8,8,8,8,8,8,8,8,8,0,29960,
29960,29959,12677,29967,29968,29968,29969,29969,29970,29970,29971,29971,29971,
29971,29972,29972,29973,29974,29974,29975,29976,29976,29977,29977,29978,29978,
29979,29979,29980,29979,29978,29980,29981,29981,29982,29982,29983]} 1. d4 Nf6
2. c4 g6 3. f3 d5 4. cxd5 Nxd5 5. e4 Nb6 6. Nc3 Bg7 7. Be3 O-O 8. Qd2 Nc6 9.
O-O-O Qd6 {D70: Grünfeld: Unusual White 3rd moves (met by ...d5).} 10. Kb1 Rd8
{[%cal Rg7d4]} 11. Nb5 Qd7 {White is slightly better.} 12. d5 a6 13. Nc3 Qe8
14. Qc1 Na5 15. Bh6 Bf6 {[#]} 16. Bg5 $146 ({Predecessor:} 16. h4 c6 17. Be3
Nac4 18. Bxc4 Nxc4 19. Bd4 Bxd4 20. Rxd4 b5 21. h5 e5 22. Rd1 {1/2-1/2 (29)
Postny,E (2670)-Kreisl,R (2430) Zadar 2015}) 16... c6 17. Bxf6 exf6 18. dxc6
Nxc6 19. Nge2 Rxd1 20. Qxd1 Qe5 21. Qb3 Qc5 22. Nf4 Nd4 23. Qa3 Qxa3 24. bxa3
f5 (24... Be6 {feels hotter.} 25. Bd3 Rc8 26. Rc1 Kf8 27. Kb2 Rc5) 25. Nfd5
Nxd5 26. exd5 Bd7 27. Bd3 Kf8 28. Rd1 Nb5 29. Bxb5 axb5 $11 {[%mdl 4096]
Endgame KRB-KRN} 30. Kb2 Ke7 31. d6+ Kd8 32. Nd5 Ra6 33. Nf6 h5 34. Kb3 Be6+
35. Kb4 Ra4+ (35... Bc4 $17 36. Kc5 Rxa3) 36. Kxb5 Rxa3 37. Kb6 Rxa2 (37... Bc8
{feels hotter.} 38. Kc5 Ra6 39. a3 Be6 40. Kb4 Rb6+) 38. Kxb7 Rxg2 39. Ra1 {
White wants to mate with Ra8+.} Rb2+ (39... Rc2 {is more complex.} 40. Kb6 Ba2
41. h4 f4 42. Kb5 Bc4+) 40. Kc6 {Hoping for Ra8+.} Rc2+ 41. Kb6 Ra2 (41... Rb2+
{with more complications.} 42. Kc6) 42. Rxa2 Bxa2 {KB-KN} 43. f4 Bb3 44. Kc5 h4
45. Kd4 Bc2 46. Kd5 Bb3+ 47. Ke5 Bc4 48. Nh7 Kd7 (48... Ke8 {looks sharper.}
49. Kd4 Bb5 50. Kc5 Ba4 51. Kd5 Bb3+) 49. Ng5 f6+ $2 {[%mdl 8192] [#] White
leaves nothing to chance now.} (49... Ba2 $11) 50. Kxf6 Kxd6 51. Kxg6 (51. Nf3
$142 Kd5 52. Nxh4 (52. Kxg6 Ke4 $11) 52... Bf1 53. Nf3 Bh3 54. Kxg6 Bf1 55. Ng5
Bd3 56. h4) 51... Bd3 52. Kh5 {White mates.} Ke7 53. Kxh4 Kf6 {[#]} 54. Kh5 $1
Kg7 55. Ne6+ Kf6 56. Nd4 Bf1 57. Kh6 Bg2 58. h4 Bd5 59. Ne2 Be4 60. Ng3 Bd3 61.
Nh5+ Kf7 62. Kg5 Bc2 63. Ng3 Kg7 64. Nxf5+ Kh7 65. Kf6 Bd3 66. Ng3 Bc4 67. f5
Bd5 68. Ke7 {Weighted Error Value: White=0.06/Black=0.25} 1-0

[Event "EICC 2021"]
[Site "Reykjavik"]
[Date "2021.08.31"]
[Round "6.17"]
[White "Van Foreest, Lucas"]
[Black "Fridman, Daniel"]
[Result "1/2-1/2"]
[WhiteElo "2544"]
[BlackElo "2621"]
[Annotator "TA"]
[PlyCount "39"]
[EventDate "2021.08.26"]
[EventType "swiss"]
[EventCountry "ISL"]
[Tiebreak "Cut1 Buchholz"]
[SourceTitle "playchess.com"]
[Source "ChessBase"]
[SourceQuality "1"]

{[%evp 12,39,22,27,27,25,25,25,26,10,18,9,11,17,17,20,20,20,20,20,20,20,10,0,0,
0,0,0,0,0]} 1. e4 e6 2. d4 d5 3. Nc3 Nf6 4. Bg5 dxe4 5. Nxe4 Nbd7 6. Nf3 h6 7.
Bxf6 Nxf6 {C13: French: Classical System: 4 Bg5 Be7, Alekhine-Chatard Attack.}
8. Bd3 Nxe4 9. Bxe4 c5 {White has an edge.} 10. Qe2 Qa5+ {The position is
equal.} 11. c3 cxd4 12. Nxd4 Be7 {[#]} 13. Nc6 $1 Qc7 14. Nxe7 Kxe7 15. O-O-O
Bd7 16. Qg4 Rhd8 {[#]} 17. Bf3 $146 ({Predecessor:} 17. Rd2 Bb5 18. Rhd1 Rxd2 {
1/2-1/2 (18) Hauenstein,H (2428)-Galanov,S (2597) ICCF email 2011}) 17... Bc6
18. Bxc6 bxc6 19. Qb4+ Ke8 20. g3 {Not much happened in this game.  Weighted
Error Value: White=0.01/Black=0.00} 1/2-1/2